Statistiken für Bundesländer Deutschlands Karten-Quiz

Klicken Sie hier um das Quiz zu spielen!

Allgemein

  • Dieses Quiz wurde 32.346 mal gespielt
  • Das Durchschnittsergebnis liegt bei 13 aus 16

Antworten auf der Karte

Die Antworten werden auf der Karte rot bzw. grün angezeigt, abhängig davon wie oft sie richtig erraten wurden.
Laden ...
 

Antwortstatistiken

Antwort% Korrekt
Berlin
94%
Bayern
93%
Brandenburg
91%
Bremen
89%
Saarland
88%
Schleswig-Holstein
87%
Nordrhein-Westfalen
87%
Baden-Württemberg
86%
Mecklenburg-Vorpommern
85%
Hamburg
85%
Sachsen
79%
Niedersachsen
78%
Rheinland-Pfalz
77%
Hessen
77%
Thüringen
75%
Sachsen-Anhalt
65%

Verteilung der Resultate

Perzentil nach korrekt beantworteten Fragen

Anzahl Personen mit jedem Resultat

Ihre Resultats-Entwicklung

Sie haben dieses Quiz noch nicht gespielt